[Event "NAYCC U18"]
[Site "Windsor CAN"]
[Date "2016.08.08"]
[Round "2.13"]
[White "Zhang, Yuanchen"]
[Black "Zheng, Andrew"]
[Result "0-1"]
[WhiteElo "2307"]
[BlackElo "2083"]
[PlyCount "76"]
[GameId "2160767908630051"]
[EventDate "2016.08.07"]
[EventType "swiss"]
[EventRounds "9"]
[EventCountry "CAN"]
[SourceTitle "hb 2016"]

1. e4 c5 2. Nf3 d6 3. d4 cxd4 4. Nxd4 Nf6 5. Nc3 a6 6. h3 e6 7. g4 Be7 8. g5 Nfd7 9. Be3 Nc6 10. h4 O-O 11. Qd2 Nde5 12. Be2 Nxd4 13. Bxd4 b5 14. a3 Bb7 15. f4 Nc4 16. Bxc4 bxc4 17. O-O-O Qc7 18. h5 Rad8 19. Kb1 d5 20. g6 fxg6 21. hxg6 h6 22. e5 Bc6 23. Ne2 Rb8 24. Rh3 Rfe8 25. Rdh1 Bf8 26. f5 exf5 27. Qe3 Bd7 28. Nf4 Be6 29. Rxh6 gxh6 30. Nh5 Bg7 31. Nf6+ Kf8 32. Bc5+ Re7 33. Rxh6 Bg8 34. Qf2 Rxb2+ 35. Ka1 Qb7 36. Bxe7+ Kxe7 37. Nxg8+ Ke6 38. Qd4 Rxc2 0-1

[Event "NAYCC U18"]
[Site "Windsor CAN"]
[Date "2016.08.09"]
[Round "4.10"]
[White "Guo, Arthur"]
[Black "Zhang, Yuanchen"]
[Result "0-1"]
[WhiteElo "2155"]
[BlackElo "2307"]
[PlyCount "100"]
[GameId "2160767908630080"]
[EventDate "2016.08.07"]
[EventType "swiss"]
[EventRounds "9"]
[EventCountry "CAN"]
[SourceTitle "EXT 2022"]
[Source "ChessBase"]
[SourceDate "2021.10.06"]
[SourceVersion "1"]
[SourceVersionDate "2021.10.06"]
[SourceQuality "1"]

1. e4 d6 2. d4 Nf6 3. Nc3 e5 4. dxe5 dxe5 5. Qxd8+ Kxd8 6. Bg5 Be6 7. O-O-O+ Nbd7 8. f4 exf4 9. e5 h6 10. Bxf4 Ng4 11. Rd2 g5 12. Bg3 h5 13. h3 Ne3 14. Nf3 Bh6 15. Ne4 Nf5 16. Bf2 g4 17. Nfg5 g3 18. Be1 h4 19. Kb1 Ke7 20. Rd1 a5 21. Nxe6 fxe6 22. Bc3 Ne3 23. Re1 Nd5 24. Bd4 b6 25. c4 Nb4 26. Bc3 Nc6 27. Nf6 Ndxe5 28. Ng4 Nxg4 29. hxg4 Bf4 30. Bd3 Rad8 31. Be4 Nd4 32. Bd5 c5 33. Bxd4 cxd4 34. Rxe6+ Kd7 35. Rxb6 Rde8 36. Rf6 Be3 37. Rhf1 h3 38. gxh3 Rxh3 39. Bc6+ Kd8 40. R1f5 Kc7 41. Bg2 Rh2 42. Rf7+ Re7 43. Rc5+ Kd7 44. Rd5+ Ke8 45. Rxe7+ Kxe7 46. Be4 g2 47. Bxg2 Rxg2 48. Rxa5 d3 49. a3 Rg1+ 50. Ka2 d2 0-1

[Event "NAYCC U18"]
[Site "Windsor CAN"]
[Date "2016.08.09"]
[Round "5.9"]
[White "Zhang, Yuanchen"]
[Black "Wang, Jalen"]
[Result "1/2-1/2"]
[WhiteElo "2083"]
[BlackElo "2095"]
[PlyCount "94"]
[GameId "2160767908630095"]
[EventDate "2016.08.07"]
[EventType "swiss"]
[EventRounds "9"]
[EventCountry "CAN"]
[SourceTitle "hb 2016"]

1. e4 a6 2. d4 d6 3. c4 g6 4. Nc3 Bg7 5. Be3 e5 6. Nge2 exd4 7. Nxd4 Ne7 8. Be2 O-O 9. O-O Nbc6 10. f3 f5 11. exf5 Nxf5 12. Nxf5 Bxf5 13. Qd2 Qd7 14. Rfe1 Rae8 15. Bf2 Qf7 16. Rad1 h6 17. Nd5 Be6 18. b3 Bxd5 19. cxd5 Ne5 20. Qb4 b6 21. Bg3 a5 22. Qd2 g5 23. Bb5 Re7 24. Re4 Ng6 25. Rxe7 Qxe7 26. Re1 Be5 27. Qc2 Kg7 28. Qe4 Qf6 29. Bd3 Re8 30. Qxg6+ Qxg6 31. Bxg6 Bd4+ 32. Kf1 Rxe1+ 33. Kxe1 Kxg6 34. Ke2 Kf5 35. Kd3 Be5 36. Bxe5 Kxe5 37. Kc4 b5+ 38. Kxb5 Kxd5 39. Kxa5 Kc5 40. b4+ Kc4 41. g3 d5 42. f4 gxf4 43. gxf4 d4 44. f5 d3 45. f6 d2 46. f7 d1=Q 47. f8=Q Qd5+ 1/2-1/2

[Event "Hart House Holidays op"]
[Site "Toronto CAN"]
[Date "2015.12.19"]
[Round "3"]
[White "Dougherty, Michael"]
[Black "Zhang, Yuanchen"]
[Result "1/2-1/2"]
[WhiteElo "2275"]
[BlackElo "2296"]
[PlyCount "62"]
[GameId "2160767908790603"]
[EventDate "2015.12.18"]
[EventType "swiss"]
[EventRounds "5"]
[EventCountry "CAN"]
[SourceTitle "EXT 2019"]
[Source "ChessBase"]
[SourceDate "2018.10.10"]
[SourceVersion "1"]
[SourceVersionDate "2018.10.10"]
[SourceQuality "1"]

1. e4 e5 2. Bc4 Nf6 3. d4 exd4 4. Nf3 Nc6 5. e5 d5 6. Bb5 Ne4 7. O-O Bg4 8. Qxd4 Bc5 9. Bxc6+ bxc6 10. Qa4 Bd7 11. Nbd2 Nxd2 12. Bxd2 O-O 13. Rfe1 Be7 14. Qd4 Bf5 15. b4 Be4 16. Qc3 Bxf3 17. Qxf3 c5 18. c3 Qd7 19. Rad1 cxb4 20. cxb4 a5 21. a3 c5 22. bxc5 Bxc5 23. Bg5 Qe6 24. a4 d4 25. h4 Rab8 26. Rd3 f6 27. Bd2 fxe5 28. Qe4 Rfe8 29. Bxa5 Ra8 30. Bc7 Bd6 31. Bxd6 Qxd6 1/2-1/2

[Event "Hart House Holidays op"]
[Site "Toronto CAN"]
[Date "2015.12.20"]
[Round "5"]
[White "Plotkin, Victor"]
[Black "Zhang, Yuanchen"]
[Result "1/2-1/2"]
[WhiteElo "2427"]
[BlackElo "2296"]
[PlyCount "91"]
[GameId "2160767908790620"]
[EventDate "2015.12.18"]
[EventType "swiss"]
[EventRounds "5"]
[EventCountry "CAN"]
[SourceTitle "EXT 2019"]
[Source "ChessBase"]
[SourceDate "2018.10.10"]
[SourceVersion "1"]
[SourceVersionDate "2018.10.10"]
[SourceQuality "1"]

1. Nf3 Nf6 2. d4 e6 3. c4 Bb4+ 4. Bd2 Qe7 5. e3 b6 6. Bd3 Bxd2+ 7. Nbxd2 d6 8. O-O O-O 9. Ng5 Bb7 10. Qc2 g6 11. f4 c5 12. Nde4 Nxe4 13. Bxe4 d5 14. Bf3 h6 15. Nh3 cxd4 16. cxd5 exd5 17. exd4 Nc6 18. Qd2 Qf6 19. Rad1 Ne7 20. Rfe1 Nf5 21. Re5 Nd6 22. b3 Rad8 23. Nf2 Qg7 24. Rde1 f6 25. Re6 Rfe8 26. Qb4 Ne4 27. Rxe8+ Rxe8 28. Ng4 h5 29. Ne3 f5 30. Bxe4 Rxe4 31. Nc2 Qc7 32. Rxe4 dxe4 33. Qc4+ Qxc4 34. bxc4 Kf7 35. Kf2 Ke6 36. Ke3 Kd6 37. Kd2 a5 38. Kc3 Bc6 39. g3 Ba4 40. Ne3 Bc6 41. d5 Bd7 42. Kd4 Bc8 43. Nd1 Bd7 44. Ne3 Bc8 45. Nc2 Bd7 46. Ne3 1/2-1/2

[Event "Montreal op"]
[Site "Montreal CAN"]
[Date "2015.09.11"]
[Round "1.11"]
[White "Have, Didier"]
[Black "Zhang, Yuanchen"]
[Result "0-1"]
[WhiteElo "2019"]
[BlackElo "2293"]
[PlyCount "52"]
[GameId "2160767908820338"]
[EventDate "2015.09.12"]
[EventType "swiss"]
[EventRounds "5"]
[EventCountry "CAN"]

1. e4 e5 2. Nc3 Nf6 3. Bc4 Bc5 4. f4 d6 5. Nf3 Nc6 6. d3 a6 7. f5 h6 8. a3 b5 9. Ba2 Bb7 10. Qe2 Nd4 11. Nxd4 Bxd4 12. Bd2 Qd7 13. O-O-O a5 14. Nd5 Bxd5 15. Bxd5 Nxd5 16. exd5 b4 17. axb4 axb4 18. Bxb4 Qa4 19. c3 Qb3 20. Ba3 Rxa3 21. bxa3 Bxc3 22. Rd2 Qxa3+ 23. Rb2 O-O 24. Kb1 Bxb2 25. Qxb2 Qxd3+ 26. Kc1 Qxd5 0-1

[Event "Montreal op"]
[Site "Montreal CAN"]
[Date "2015.09.12"]
[Round "2.2"]
[White "Zhang, Yuanchen"]
[Black "Sambuev, Bator"]
[Result "0-1"]
[WhiteElo "2293"]
[BlackElo "2530"]
[PlyCount "98"]
[GameId "2160767908820349"]
[EventDate "2015.09.12"]
[EventType "swiss"]
[EventRounds "5"]
[EventCountry "CAN"]
[SourceTitle "hb 2015"]

1. Nf3 Nf6 2. d4 g6 3. c4 Bg7 4. Nc3 O-O 5. e4 d6 6. Be2 e5 7. O-O Nc6 8. d5 Ne7 9. Ne1 Ne8 10. Be3 f5 11. f3 f4 12. Bf2 g5 13. Nd3 Ng6 14. c5 Rf7 15. Rc1 h5 16. cxd6 cxd6 17. Nb5 a6 18. Na3 b5 19. Nb4 Nf6 20. Rc6 g4 21. Bb6 Qf8 22. Qc2 Bh6 23. Rc1 Bd7 24. Bc7 Ne8 25. Nxa6 Bxc6 26. Qxc6 Rxa6 27. Qxa6 Rxc7 28. Rxc7 Nxc7 29. Qb7 Qd8 30. fxg4 hxg4 31. Bxg4 Qh4 32. Qc8+ Nf8 33. Nc2 Bg5 34. h3 Bd8 35. Kf1 Ne8 36. Nb4 Bb6 37. Nd3 Qe7 38. Qc6 Bd4 39. Qxb5 Nf6 40. Bf3 Qh7 41. Nf2 Bxf2 42. Kxf2 Nxe4+ 43. Bxe4 Qxe4 44. a4 Qd4+ 45. Kf1 Qd1+ 46. Kf2 e4 47. Qe2 e3+ 48. Kf3 Qxd5+ 49. Kxf4 Ne6+ 0-1

[Event "Montreal op"]
[Site "Montreal CAN"]
[Date "2015.09.12"]
[Round "3.8"]
[White "Corriveau, Philippe"]
[Black "Zhang, Yuanchen"]
[Result "0-1"]
[WhiteElo "2032"]
[BlackElo "2293"]
[PlyCount "40"]
[GameId "2160767908820372"]
[EventDate "2015.09.12"]
[EventType "swiss"]
[EventRounds "5"]
[EventCountry "CAN"]

1. e4 e5 2. Nc3 Nf6 3. g3 Bc5 4. Bg2 Nc6 5. Nge2 a6 6. d3 d6 7. h3 O-O 8. O-O Be6 9. Kh2 d5 10. exd5 Nxd5 11. Ne4 Be7 12. f4 f5 13. N4c3 Bf6 14. fxe5 Bxe5 15. Nf4 Nxf4 16. Bxf4 Bxf4 17. Rxf4 Qd6 18. h4 Ne5 19. Qd2 Ng6 20. Rf3 Nxh4 0-1

[Event "Montreal op"]
[Site "Montreal CAN"]
[Date "2015.09.13"]
[Round "4.6"]
[White "Zhang, Yuanchen"]
[Black "Turcotte, Jonathan"]
[Result "1/2-1/2"]
[WhiteElo "2293"]
[BlackElo "2102"]
[PlyCount "67"]
[GameId "2160767908820390"]
[EventDate "2015.09.12"]
[EventType "swiss"]
[EventRounds "5"]
[EventCountry "CAN"]
[SourceTitle "hb 2015"]

1. e4 c6 2. d4 d5 3. exd5 cxd5 4. Bd3 Nc6 5. c3 Qc7 6. h3 Nf6 7. Nf3 g6 8. O-O Bg7 9. Re1 O-O 10. Nbd2 Bf5 11. Nf1 Bxd3 12. Qxd3 Ne4 13. Ng5 Nd6 14. Bf4 Qd7 15. Ne3 e6 16. Ng4 a6 17. Re2 b5 18. a3 Nc4 19. Rae1 h5 20. Ne5 N6xe5 21. dxe5 a5 22. Nf3 Rfb8 23. g4 hxg4 24. hxg4 b4 25. axb4 axb4 26. b3 Nb6 27. cxb4 Nc8 28. Bd2 Ne7 29. Kg2 Nc6 30. Ng5 Nxb4 31. Qh3 Nc2 32. Rh1 Nd4 33. Qh7+ Kf8 34. Nf3 1/2-1/2

[Event "North American-ch U20"]
[Site "Kitchener CAN"]
[Date "2015.07.26"]
[Round "1"]
[White "Zhao, Harry"]
[Black "Zhang, Yuanchen"]
[Result "0-1"]
[WhiteElo "1892"]
[BlackElo "2295"]
[PlyCount "168"]
[GameId "2160767908837263"]
[EventDate "2015.07.26"]
[EventType "swiss"]
[EventRounds "9"]
[EventCountry "CAN"]
[SourceTitle "EXT 2019"]
[Source "ChessBase"]
[SourceDate "2018.10.10"]
[SourceVersion "1"]
[SourceVersionDate "2018.10.10"]
[SourceQuality "1"]

1. d4 Nf6 2. Nf3 e6 3. Nbd2 d5 4. e3 Bd6 5. b3 O-O 6. Bd3 Nbd7 7. Bb2 c6 8. Ne5 Qc7 9. f4 Re8 10. O-O Nf8 11. Rf3 N6d7 12. Rh3 g6 13. e4 Nf6 14. Qf1 dxe4 15. Nxe4 Nxe4 16. Bxe4 f6 17. Ng4 Be7 18. Bd3 h5 19. Ne3 Bd6 20. Rf3 b5 21. a4 Bb7 22. Rf2 bxa4 23. Rxa4 c5 24. Nc4 Be7 25. Qa1 Bd5 26. Bc3 Kf7 27. Ba5 Qc6 28. Bc3 Nd7 29. Ra6 Qc7 30. Ne3 Bb7 31. Ra2 cxd4 32. Bxd4 Nc5 33. Bb5 Red8 34. Rf1 Ne4 35. Bxa7 Rxa7 36. Rxa7 Bc5 37. Re1 Qb6 38. Rxb7+ Qxb7 39. Bd3 Qc7 40. Bxe4 Qxf4 41. Bd3 Bxe3+ 42. Kh1 Bd4 43. Qd1 Be5 44. g3 Qd4 45. Qe2 h4 46. Kg2 hxg3 47. hxg3 Qd6 48. Qe4 Qd5 49. Qxd5 Rxd5 50. Re3 g5 51. Be2 Rd2 52. c3 Bxc3 53. Kf1 Be5 54. b4 Rb2 55. b5 Rb4 56. Ra3 f5 57. Kf2 Bd4+ 58. Ke1 g4 59. Kf1 Rb1+ 60. Kg2 Rb2 61. Kf1 Kf6 62. Rd3 Ke5 63. Ra3 Kd5 64. Rd3 e5 65. Ra3 Rb1+ 66. Kg2 Rg1+ 67. Kh2 Re1 68. Ra2 Ke4 69. Rc2 Ke3 70. Bc4 f4 71. gxf4 exf4 72. Be6 f3 73. Kg3 Rg1+ 74. Kh2 g3+ 75. Kxg1 Kd3+ 76. Rf2 Bxf2+ 77. Kf1 Bb6 78. Bh3 Ke4 79. Bg2 fxg2+ 80. Kxg2 Kf4 81. Kh1 Kg4 82. Kg2 Bc7 83. Kh1 Kf3 84. b6 g2+ 0-1

[Event "North American-ch U20"]
[Site "Kitchener CAN"]
[Date "2015.07.27"]
[Round "2"]
[White "Zhang, Yuanchen"]
[Black "Lin, Tony (Juntao)"]
[Result "1-0"]
[WhiteElo "2295"]
[BlackElo "2098"]
[PlyCount "139"]
[GameId "2160767908837288"]
[EventDate "2015.07.26"]
[EventType "swiss"]
[EventRounds "9"]
[EventCountry "CAN"]

1. d4 d5 2. c4 c6 3. Nf3 Nf6 4. Nc3 a6 5. a4 e6 6. Bg5 a5 7. e3 Be7 8. Bd3 Na6 9. Rc1 Nb4 10. Bb1 O-O 11. O-O b6 12. b3 Ba6 13. Qe2 Rc8 14. Rfd1 Re8 15. e4 dxe4 16. Nxe4 Nxe4 17. Bxe7 Qxe7 18. Qxe4 g6 19. Qf4 Kg7 20. Ne5 h6 21. Rc3 g5 22. Qg4 Rcd8 23. Rf3 f5 24. Qh5 Qf6 25. h4 Rg8 26. hxg5 hxg5 27. Ng4 Qg6 28. Qxg6+ Kxg6 29. Re3 Bc8 30. Rh3 Kg7 31. Ne5 Rh8 32. Rxh8 Rxh8 33. c5 bxc5 34. dxc5 Kf6 35. Nc4 Na6 36. Nxa5 Nxc5 37. Rc1 Na6 38. Nxc6 Bb7 39. Na5 Bd5 40. Bd3 Nb4 41. Bc4 Ra8 42. Bxd5 exd5 43. Nb7 Ke5 44. Kf1 Kd4 45. Nd6 f4 46. Ke2 g4 47. Rc7 Ra6 48. Nb5+ Ke5 49. Rg7 Kf5 50. f3 g3 51. Rb7 Nc6 52. Rc7 Nb4 53. Rb7 Nc6 54. Kd2 Ne5 55. Nd4+ Kg5 56. Ne2 Rh6 57. a5 Ra6 58. Rb5 Rd6 59. Rb6 Rd8 60. a6 d4 61. Rb5 Kf5 62. a7 Ra8 63. Nxd4+ Kf6 64. Rb6+ Kf7 65. Rb7+ Kf6 66. Nb5 Nxf3+ 67. Ke2 Ne5 68. Rb8 f3+ 69. gxf3 Nxf3 70. Kxf3 1-0

[Event "North American-ch U20"]
[Site "Kitchener CAN"]
[Date "2015.07.27"]
[Round "3"]
[White "Zhang, Yuanchen"]
[Black "Bora, Safal"]
[Result "0-1"]
[WhiteElo "2295"]
[BlackElo "2406"]
[PlyCount "162"]
[GameId "2160767908837310"]
[EventDate "2015.07.26"]
[EventType "swiss"]
[EventRounds "9"]
[EventCountry "CAN"]
[SourceTitle "EXT 2019"]
[Source "ChessBase"]
[SourceDate "2018.10.10"]
[SourceVersion "1"]
[SourceVersionDate "2018.10.10"]
[SourceQuality "1"]

1. d4 Nf6 2. c4 g6 3. Nc3 d5 4. Nf3 Bg7 5. Qb3 dxc4 6. Qxc4 O-O 7. e4 Nc6 8. Be2 Nd7 9. Be3 Nb6 10. Qc5 f5 11. O-O-O fxe4 12. d5 Ne5 13. Nxe5 Bxe5 14. Qb4 Qd6 15. Bc5 Bxc3 16. bxc3 a5 17. Qa3 Qe5 18. Bd4 Qg5+ 19. Be3 Qe5 20. Bd4 Qg5+ 21. Be3 Qf6 22. c4 Nd7 23. h4 b6 24. h5 g5 25. h6 Ne5 26. Rh5 Nf7 27. g3 Bf5 28. Bd4 Qd6 29. Qb2 Qg6 30. Rdh1 c6 31. g4 Bd7 32. Bxb6 Rfb8 33. dxc6 Bxc6 34. c5 Bd5 35. Qg7+ Qxg7 36. hxg7 h6 37. Rd1 e6 38. Rh3 Bc6 39. Bc4 Re8 40. Ra3 a4 41. Re3 Kxg7 42. Be2 Rac8 43. f3 exf3 44. Bxf3 Bxf3 45. Rxf3 Ne5 46. Rc3 Re7 47. Rd4 Nd7 48. Ba7 Nf6 49. Rxa4 Nxg4 50. c6 Nf6 51. Bd4 e5 52. Ra7 exd4 53. Rxe7+ Kf8 54. Re6 Kf7 55. Rxf6+ Kxf6 56. Rc4 Ke5 57. Kd2 Kd5 58. Kd3 Rxc6 59. Rxd4+ Ke5 60. Rb4 Kf5 61. a4 Rc1 62. Ke3 Ra1 63. Kf3 Ra3+ 64. Kg2 Kg6 65. Rc4 Kh5 66. Rb4 g4 67. Rc4 Kh4 68. Kg1 Kg3 69. Rc1 h5 70. a5 Rxa5 71. Rb1 Ra3 72. Rc1 h4 73. Rb1 h3 74. Rc1 Kh4 75. Rc4 Kg3 76. Rc1 Rb3 77. Ra1 Rb4 78. Rc1 Kh4 79. Ra1 g3 80. Rc1 h2+ 81. Kg2 Rb2+ 0-1

[Event "North American-ch U20"]
[Site "Kitchener CAN"]
[Date "2015.07.28"]
[Round "4"]
[White "Hong, Andrew Z"]
[Black "Zhang, Yuanchen"]
[Result "1/2-1/2"]
[WhiteElo "2108"]
[BlackElo "2295"]
[PlyCount "112"]
[GameId "2160767908837321"]
[EventDate "2015.07.26"]
[EventType "swiss"]
[EventRounds "9"]
[EventCountry "CAN"]
[SourceTitle "EXT 2019"]
[Source "ChessBase"]
[SourceDate "2018.10.10"]
[SourceVersion "1"]
[SourceVersionDate "2018.10.10"]
[SourceQuality "1"]

1. e4 e5 2. Nf3 Nc6 3. Bb5 a6 4. Ba4 Nf6 5. O-O b5 6. Bb3 Bb7 7. d4 Nxd4 8. Bxf7+ Kxf7 9. Nxe5+ Kg8 10. Qxd4 d6 11. Rd1 Qe7 12. Nf3 Qxe4 13. Qc3 Nd5 14. Qb3 Qc4 15. Qxc4 bxc4 16. c3 Re8 17. Na3 Nb6 18. Be3 c5 19. Bf4 Re6 20. Nd2 d5 21. Nf3 Bd6 22. Ng5 Rf6 23. Bxd6 Rxd6 24. Re1 Kf8 25. Ne6+ Kf7 26. Nxc5 Bc8 27. b4 cxb3 28. axb3 Rc6 29. b4 Nd7 30. Na4 Nf6 31. f3 Bf5 32. Re5 Bg6 33. Rd1 Rhc8 34. Re3 h5 35. Rd4 R8c7 36. h4 Bf5 37. Kf1 Rc8 38. Ke1 Rb8 39. Kd2 Rc7 40. Nc5 Rb6 41. Nb3 Bd7 42. Na5 Be6 43. Nc2 Bf5 44. Na3 Bd7 45. Kc1 Bf5 46. Kb2 Rb8 47. Rd2 Rb6 48. Nc2 Bxc2 49. Rxc2 d4 50. cxd4 Rxb4+ 51. Nb3 Rcb7 52. Ka3 Nd5 53. Rd3 Nf4 54. Rdc3 Nd5 55. Rd3 Nf4 56. Rdc3 Nd5 1/2-1/2

[Event "North American-ch U20"]
[Site "Kitchener CAN"]
[Date "2015.07.28"]
[Round "5"]
[White "Zhang, Yuanchen"]
[Black "Xu, Jeffrey"]
[Result "1/2-1/2"]
[WhiteElo "2295"]
[BlackElo "1847"]
[PlyCount "44"]
[GameId "2160767908845552"]
[EventDate "2015.07.26"]
[EventType "swiss"]
[EventRounds "9"]
[EventCountry "CAN"]
[SourceTitle "EXT 2019"]
[Source "ChessBase"]
[SourceDate "2018.10.10"]
[SourceVersion "1"]
[SourceVersionDate "2018.10.10"]
[SourceQuality "1"]

1. e4 e6 2. Nf3 d5 3. Nc3 Nf6 4. e5 Nfd7 5. d4 c5 6. dxc5 Bxc5 7. Bf4 a6 8. Bd3 Nc6 9. O-O h6 10. h4 O-O 11. Qd2 f5 12. exf6 Qxf6 13. Bg3 b5 14. a3 Bb7 15. Rae1 Rae8 16. h5 Ne7 17. Ne5 Nxe5 18. Bxe5 Qh4 19. Qe2 Nf5 20. Nd1 Qg5 21. Kh2 Qh4+ 22. Kg1 Qg5 1/2-1/2

[Event "North American-ch U20"]
[Site "Kitchener CAN"]
[Date "2015.07.29"]
[Round "6"]
[White "He, Samuel Fei"]
[Black "Zhang, Yuanchen"]
[Result "1/2-1/2"]
[WhiteElo "2083"]
[BlackElo "2295"]
[PlyCount "101"]
[GameId "2160767908845557"]
[EventDate "2015.07.26"]
[EventType "swiss"]
[EventRounds "9"]
[EventCountry "CAN"]
[SourceTitle "EXT 2019"]
[Source "ChessBase"]
[SourceDate "2018.10.10"]
[SourceVersion "1"]
[SourceVersionDate "2018.10.10"]
[SourceQuality "1"]

1. d4 Nf6 2. c4 e6 3. g3 d5 4. Nf3 dxc4 5. Bg2 Bd7 6. Ne5 Bc6 7. Nxc6 Nxc6 8. e3 Bb4+ 9. Bd2 O-O 10. O-O Qd6 11. Qc2 Rad8 12. Qxc4 Bxd2 13. Nxd2 e5 14. Bxc6 bxc6 15. Nf3 exd4 16. Nxd4 Rb8 17. Qc2 c5 18. Nb3 Ng4 19. Rac1 Qh6 20. h4 Qf6 21. Qc4 Ne5 22. Qf4 c4 23. Nd2 Rxb2 24. Nxc4 Qxf4 25. exf4 Nxc4 26. Rxc4 Rxa2 27. Rxc7 Rd8 28. Re1 h5 29. Re5 Rd1+ 30. Kg2 Rdd2 31. Rxh5 g6 32. Rb5 Rxf2+ 33. Kh3 Ra6 34. Rbb7 Rf6 35. Rxa7 Kg7 36. Kg4 Rb2 37. Rc8 Rd6 38. Rcc7 Rf6 39. Rab7 Ra2 40. Rb5 Ra3 41. Rg5 Ra8 42. h5 Rh8 43. hxg6 Rxg6 44. f5 Rxg5+ 45. Kxg5 Rh3 46. g4 Rf3 47. Ra7 Rf1 48. Ra6 Rb1 49. f6+ Kh7 50. Ra5 Rc1 51. Rb5 1/2-1/2

[Event "North American-ch U20"]
[Site "Kitchener CAN"]
[Date "2015.07.29"]
[Round "7"]
[White "Zhang, Yuanchen"]
[Black "Song, Terry"]
[Result "0-1"]
[WhiteElo "2295"]
[BlackElo "1988"]
[PlyCount "76"]
[GameId "2160767908845597"]
[EventDate "2015.07.26"]
[EventType "swiss"]
[EventRounds "9"]
[EventCountry "CAN"]
[SourceTitle "EXT 2019"]
[Source "ChessBase"]
[SourceDate "2018.10.10"]
[SourceVersion "1"]
[SourceVersionDate "2018.10.10"]
[SourceQuality "1"]

1. e4 c5 2. Nf3 d6 3. d4 cxd4 4. Nxd4 Nf6 5. Nc3 a6 6. Bc4 e6 7. Bb3 Nbd7 8. f4 Nc5 9. e5 Nfd7 10. exd6 Nf6 11. Qe2 Bxd6 12. Nf5 O-O 13. Nxd6 Qxd6 14. O-O b5 15. Be3 Nxb3 16. cxb3 Bb7 17. Rfd1 Qe7 18. Bd4 Rfe8 19. Qe5 Rac8 20. Rd3 Qc7 21. Qg5 h6 22. Qh4 Ne4 23. Re1 Nd6 24. Rg3 Nf5 25. Qf6 Kf8 26. Rxg7 Nxg7 27. Qxg7+ Ke7 28. Bf6+ Kd7 29. Qxf7+ Kc6 30. Qg6 Qxf4 31. Be5 Qf5 32. Qxh6 Rcd8 33. Qh4 Rg8 34. Na4 Qc2 35. Bg3 Rd1 36. Qb4 bxa4 37. Qxa4+ Kb6 38. Bf2+ Kc7 0-1

[Event "CAN-ch"]
[Site "Guelph CAN"]
[Date "2015.07.10"]
[Round "1.20"]
[White "Zhang, Yuanchen"]
[Black "Schneider, Corin"]
[Result "1-0"]
[WhiteElo "2304"]
[BlackElo "1885"]
[PlyCount "23"]
[GameId "2160767738660382"]
[EventDate "2015.07.10"]
[EventType "swiss"]
[EventRounds "9"]
[EventCountry "CAN"]
[TimeControl "40/5400+30:1800+30"]

1. d4 d5 2. c4 c6 3. Nf3 Nf6 4. Nc3 e6 5. Bg5 Nbd7 6. e3 Qa5 7. cxd5 cxd5 8. Nd2 Bb4 9. Qc2 O-O 10. Bd3 h6 11. Bh4 a6 12. O-O 1-0

[Event "CAN-ch"]
[Site "Guelph CAN"]
[Date "2015.07.11"]
[Round "2.7"]
[White "Zhang, Yuanchen"]
[Black "Peredun, Andrew"]
[Result "0-1"]
[WhiteElo "2304"]
[BlackElo "2406"]
[PlyCount "216"]
[GameId "2160767738660389"]
[EventDate "2015.07.10"]
[EventType "swiss"]
[EventRounds "9"]
[EventCountry "CAN"]
[TimeControl "40/5400+30:1800+30"]

1. d4 d5 2. c4 e6 3. Nc3 c6 4. Nf3 dxc4 5. a4 Bb4 6. e3 b5 7. Bd2 a5 8. Rb1 Qb6 9. Ne4 Nf6 10. Nxf6+ gxf6 11. Qc2 Na6 12. Be2 Be7 13. O-O Bb7 14. b3 cxb3 15. Qxb3 b4 16. e4 c5 17. d5 O-O-O 18. Bc4 Kb8 19. dxe6 fxe6 20. Bxe6 Bxe4 21. Bf4+ Bd6 22. Rbe1 Bxf3 23. Qxf3 Bxf4 24. Qxf4+ Nc7 25. Bf5 Qd6 26. Qf3 h6 27. Rd1 Qe5 28. Bd7 Rh7 29. Qc6 Rhxd7 30. Rxd7 Rxd7 31. Qxd7 c4 32. Rd1 Kb7 33. g3 c3 34. Qd3 Kc6 35. Qc4+ Qc5 36. Qe4+ Kb6 37. Rd8 Ka7 38. Qc2 Qc4 39. Rd3 Kb7 40. Re3 Kc6 41. Re4 Qc5 42. Re2 Qd5 43. Re3 Kc5 44. Rxc3+ bxc3 45. Qxc3+ Kb6 46. Qxf6+ Qc6 47. Qb2+ Ka6 48. Qe2+ Ka7 49. Qe5 Nd5 50. h4 Kb6 51. Qb2+ Nb4 52. Qd4+ Ka6 53. Qd1 Kb6 54. Qd4+ Kb7 55. Qg7+ Ka6 56. h5 Nd3 57. Qe7 Nc5 58. Qe2+ Kb6 59. Qb2+ Ka7 60. Qd4 Ka6 61. g4 Nxa4 62. g5 Qc1+ 63. Kh2 Qxg5 64. Qxa4 Qxh5+ 65. Kg1 Qg5+ 66. Kh2 Qh5+ 67. Kg1 Qb5 68. Qd4 a4 69. Qd6+ Qb6 70. Qd3+ Ka5 71. Qc3+ Kb5 72. Qd3+ Kb4 73. Qb1+ Ka5 74. Qe1+ Ka6 75. Qe2+ Kb7 76. Qe7+ Ka6 77. Qe2+ Qb5 78. Qe6+ Ka5 79. Qe1+ Qb4 80. Qe5+ Kb6 81. Qe6+ Kb5 82. Qf5+ Qc5 83. Qb1+ Ka5 84. Qe1+ Ka6 85. Qe2+ Ka7 86. Qd1 a3 87. Qa4+ Kb6 88. Qb3+ Ka5 89. Qd3 Kb4 90. Qb1+ Ka5 91. Qd3 Qc1+ 92. Kg2 Kb4 93. Qd4+ Qc4 94. Qd6+ Kb3 95. Qd1+ Qc2 96. Qd5+ Kb2 97. Qe5+ Qc3 98. Qe2+ Kc1 99. Qf1+ Kd2 100. Qb5 Qg7+ 101. Kh1 Qb2 102. Qd5+ Ke2 103. Kg2 Qg7+ 104. Kh1 Qa1+ 105. Kg2 Qf1+ 106. Kg3 Qxf2+ 107. Kg4 h5+ 108. Kg5 Qe3+ 0-1

[Event "CAN-ch"]
[Site "Guelph CAN"]
[Date "2015.07.11"]
[Round "3.13"]
[White "Noritsyn, Sergey"]
[Black "Zhang, Yuanchen"]
[Result "0-1"]
[WhiteElo "2090"]
[BlackElo "2304"]
[PlyCount "110"]
[GameId "2160767908870998"]
[EventDate "2015.07.10"]
[EventType "swiss"]
[EventRounds "9"]
[EventCountry "CAN"]

1. e4 e5 2. Nf3 Nc6 3. d4 exd4 4. Nxd4 Nf6 5. Nc3 Bb4 6. Nxc6 bxc6 7. Bd3 d6 8. O-O O-O 9. Ne2 Bc5 10. c3 Re8 11. Qc2 Ng4 12. Nd4 Ne5 13. Be2 Bb6 14. f4 c5 15. Nf3 c4+ 16. Nd4 Nd3 17. Be3 Bb7 18. Bxd3 cxd3 19. Qxd3 Rxe4 20. Rae1 Qf6 21. g3 Rae8 22. Bf2 c5 23. Rxe4 Rxe4 24. Nf3 h6 25. Rd1 Re8 26. Nh4 g5 27. Ng2 Bxg2 28. Kxg2 gxf4 29. Qxd6 Qxd6 30. Rxd6 Re2 31. Kf3 Rxb2 32. gxf4 Rxa2 33. Rxh6 Rc2 34. Be1 Kg7 35. Rh3 a5 36. Ke4 Re2+ 37. Re3 f5+ 38. Kd3 Rxe3+ 39. Kxe3 c4+ 40. Kf3 a4 41. Bd2 Bc5 42. Bc1 Kg6 43. Kg3 Kh5 44. Bb2 a3 45. Ba1 a2 46. Bb2 Ba3 47. Ba1 Bc1 48. h3 Ba3 49. Kf3 Kh4 50. Ke3 Bc5+ 51. Kf3 Kxh3 52. Bb2 Ba3 53. Ba1 Bc1 54. Kf2 Kg4 55. Ke2 Kxf4 0-1

[Event "CAN-ch"]
[Site "Guelph CAN"]
[Date "2015.07.12"]
[Round "4.7"]
[White "Oussedik, Elias"]
[Black "Zhang, Yuanchen"]
[Result "1-0"]
[WhiteElo "2328"]
[BlackElo "2304"]
[PlyCount "93"]
[GameId "2160767738660412"]
[EventDate "2015.07.10"]
[EventType "swiss"]
[EventRounds "9"]
[EventCountry "CAN"]
[TimeControl "40/5400+30:1800+30"]

1. Nf3 Nf6 2. c4 b6 3. g3 e6 4. Bg2 Bb7 5. O-O c5 6. Nc3 Be7 7. Re1 d6 8. e4 O-O 9. d4 cxd4 10. Nxd4 Qc8 11. Be3 a6 12. Rc1 Nbd7 13. f4 Rd8 14. g4 Bf8 15. g5 Ne8 16. f5 Nc7 17. h4 Re8 18. b3 Qd8 19. Bf2 Rb8 20. Qg4 Ne5 21. Qg3 Qd7 22. a4 Nc6 23. fxe6 fxe6 24. Rcd1 Qf7 25. Rf1 Ne5 26. Be3 Qe7 27. Nf3 Nxf3+ 28. Bxf3 d5 29. Bxb6 Na8 30. Ba7 Rbc8 31. exd5 Bxd5 32. Bf2 Bxf3 33. Qxf3 Qb4 34. Ne4 Be7 35. Be1 Qb6+ 36. Bf2 Qb4 37. Be1 Qb6+ 38. Qf2 Qc6 39. Qf7+ Kh8 40. Bc3 e5 41. Bxe5 Bf8 42. Rd7 Qg6 43. Qxg6 hxg6 44. Rxf8+ Rxf8 45. Bxg7+ Kg8 46. Bxf8 Kxf8 47. Nf6 1-0